[Event "POL-chT 2nd div South"]
[Site "Polanica Zdroj"]
[Date "1999.??.??"]
[Round "5"]
[White "Patla, Robert"]
[Black "Ujma, Jerzy"]
[Result "1/2-1/2"]
[WhiteElo "2160"]
[BlackElo "2228"]
[PlyCount "23"]
[EventDate "1999.09.17"]
[EventType "team-swiss"]
[EventRounds "10"]
[EventCountry "POL"]
[SourceTitle "EXT 2001"]
[Source "ChessBase"]
[SourceDate "2000.11.22"]
[SourceVersion "1"]
[SourceVersionDate "2000.11.22"]
[SourceQuality "1"]
[WhiteTeam "POL-chT 2nd div South 15"]
[BlackTeam "POL-chT 2nd div South 06"]
[WhiteTeamCountry "POL"]
[BlackTeamCountry "POL"]

1. c4 e6 2. g3 d5 3. Bg2 Nf6 4. Nf3 c6 5. b3 Be7 6. Bb2 a6 7. d3 Nbd7 8. Nbd2 0-0 9. 0-0 Ng4 10. e3 Nc5 11. Qe2 dxc4 12. d4 1/2-1/2

[Event "POL-chT 2nd div South"]
[Site "Polanica Zdroj"]
[Date "1999.??.??"]
[Round "1"]
[White "Ujma, Jerzy"]
[Black "Dudek, Adam"]
[Result "1/2-1/2"]
[WhiteElo "2228"]
[BlackElo "2025"]
[PlyCount "40"]
[EventDate "1999.09.17"]
[EventType "team-swiss"]
[EventRounds "10"]
[EventCountry "POL"]
[SourceTitle "EXT 2001"]
[Source "ChessBase"]
[SourceDate "2000.11.22"]
[SourceVersion "1"]
[SourceVersionDate "2000.11.22"]
[SourceQuality "1"]
[WhiteTeam "POL-chT 2nd div South 06"]
[BlackTeam "POL-chT 2nd div South 18"]
[WhiteTeamCountry "POL"]
[BlackTeamCountry "POL"]

1. e4 e5 2. Nf3 Nc6 3. d4 exd4 4. Nxd4 Bc5 5. Be3 Bb6 6. Nc3 d6 7. Nd5 Bxd4 8. Bxd4 Nxd4 9. Qxd4 Nf6 10. Nxf6+ Qxf6 11. Qxf6 gxf6 12. Bd3 Rg8 13. Kf1 Ke7 14. f3 Bd7 15. Kf2 h5 16. a3 Rae8 17. h3 Kd8 18. f4 Bc6 19. Rhe1 Rg7 20. Re3 f5 1/2-1/2

[Event "POL-chT 2nd League South"]
[Site "Wisla"]
[Date "1998.??.??"]
[Round "?"]
[White "Ujma, Jerzy"]
[Black "Szydlowski, Edward"]
[Result "1-0"]
[WhiteElo "2230"]
[BlackElo "2250"]
[PlyCount "53"]
[EventDate "1998.11.20"]
[EventType "team-swiss"]
[EventRounds "10"]
[EventCountry "POL"]
[SourceTitle "EXT 2000"]
[Source "ChessBase"]
[SourceDate "1999.11.16"]
[SourceVersion "1"]
[SourceVersionDate "1999.11.16"]
[SourceQuality "1"]

1. e4 Nc6 2. d4 d5 3. e5 f6 4. f4 Bf5 5. Nf3 Qd7 6. c3 e6 7. Bd3 Be4 8. Qe2 f5 9. Be3 Nh6 10. h3 Be7 11. Nbd2 0-0 12. Rg1 Nd8 13. g4 Kh8 14. 0-0-0 Ng8 15. gxf5 Bxd3 16. Qxd3 exf5 17. Qe2 Ne6 18. Rdf1 b5 19. h4 b4 20. c4 c5 21. Kb1 cxd4 22. Nxd4 Nxd4 23. Bxd4 Qe6 24. Qg2 g6 25. cxd5 Qa6 26. Qf3 Nh6 27. d6 1-0

[Event "POL-chT disctrict"]
[Site "Slask"]
[Date "1996.??.??"]
[Round "?"]
[White "Ujma, Jerzy"]
[Black "Kasprzyk, Tomasz"]
[Result "0-1"]
[WhiteElo "2240"]
[BlackElo "2105"]
[PlyCount "33"]
[EventDate "1996.??.??"]
[EventType "team"]
[EventRounds "12"]
[EventCountry "POL"]
[SourceTitle "EXT 2001"]
[Source "ChessBase"]
[SourceDate "2000.11.22"]
[SourceVersion "1"]
[SourceVersionDate "2000.11.22"]
[SourceQuality "1"]

1. e4 d6 2. f4 Nf6 3. Nc3 c5 4. Nf3 Nc6 5. d4 cxd4 6. Nxd4 e5 7. Nxc6 bxc6 8. fxe5 Ng4 9. Bf4 Nxe5 10. Qd4 Qf6 11. Qe3 Be7 12. Be2 0-0 13. 0-0 Re8 14. Rad1 Bf8 15. Qd4 Qe7 16. Bc4 Ng6 17. Be5 0-1

[Event "POL-chT disctrict"]
[Site "Slask"]
[Date "1996.??.??"]
[Round "?"]
[White "Ujma, Jerzy"]
[Black "Marzec, Jaroslaw"]
[Result "0-1"]
[WhiteElo "2240"]
[BlackElo "2135"]
[PlyCount "94"]
[EventDate "1996.??.??"]
[EventType "team"]
[EventRounds "12"]
[EventCountry "POL"]
[SourceTitle "EXT 2001"]
[Source "ChessBase"]
[SourceDate "2000.11.22"]
[SourceVersion "1"]
[SourceVersionDate "2000.11.22"]
[SourceQuality "1"]

1. e4 d5 2. exd5 Qxd5 3. d4 e6 4. Nf3 Nf6 5. Nc3 Bb4 6. Bd2 Bxc3 7. Bxc3 0-0 8. b3 a5 9. a4 b6 10. Bc4 Qe4+ 11. Qe2 Ba6 12. Bxa6 Nxa6 13. Rd1 Nb4 14. Bxb4 axb4 15. Qxe4 Nxe4 16. 0-0 Nc3 17. Rd2 Rad8 18. Re1 Rd6 19. Re3 Rfd8 20. Red3 f6 21. Kf1 b5 22. axb5 Nxb5 23. g3 Nc3 24. Ng1 Ra8 25. f3 Ra1+ 26. Kf2 Rc6 27. Re3 Nd1+ 28. Rxd1 Rxd1 29. Ne2 Rd2 30. f4 Kf7 31. Kf3 Rcxc2 32. g4 Rd1 33. f5 exf5 34. gxf5 Rf1+ 35. Ke4 Rf2 36. Kd3 Rb2 37. Re4 Rxb3+ 38. Kc4 Rb1 39. Nf4 b3 40. Nd5 Rxf5 41. Re7+ Kg6 42. Nc3 Rb2 43. Rxc7 Rd2 44. Kxb3 Rxd4 45. Ne2 Rd2 46. Ng3 Rf3+ 47. Kb4 Rxh2 0-1

[Event "POL-chT disctrict"]
[Site "Slask"]
[Date "1996.??.??"]
[Round "?"]
[White "Ujma, Jerzy"]
[Black "Szkatula, Leszek"]
[Result "1-0"]
[WhiteElo "2240"]
[BlackElo "2340"]
[PlyCount "97"]
[EventDate "1996.??.??"]
[EventType "team"]
[EventRounds "12"]
[EventCountry "POL"]
[SourceTitle "EXT 2001"]
[Source "ChessBase"]
[SourceDate "2000.11.22"]
[SourceVersion "1"]
[SourceVersionDate "2000.11.22"]
[SourceQuality "1"]

1. d4 Nf6 2. c4 c5 3. Nf3 cxd4 4. Nxd4 e6 5. Nc3 Qb6 6. a3 Nc6 7. e3 Be7 8. b4 d6 9. Be2 0-0 10. 0-0 a6 11. Bb2 Ne5 12. Rc1 Qc7 13. Qb3 b6 14. Nf3 Ned7 15. Nd4 Bb7 16. Bf3 Bxf3 17. Nxf3 Rac8 18. Ne2 Rfd8 19. Rfd1 e5 20. Ng3 g6 21. Qd3 Qb7 22. Nd2 Nf8 23. Nde4 Nxe4 24. Qxe4 Qb8 25. f4 Bf6 26. fxe5 Bxe5 27. Bxe5 dxe5 28. Rd5 Rxd5 29. Qxd5 Rd8 30. Qe4 Ne6 31. c5 bxc5 32. bxc5 Qb2 33. Rf1 Qxa3 34. c6 Qc5 35. Kh1 Rf8 36. Qg4 f5 37. Qa4 Qb5 38. Qxb5 axb5 39. Rc1 Rd8 40. h3 Nc7 41. Kg1 Rd2 42. Kf1 Kf7 43. Ke1 Rxg2 44. Ne2 Rh2 45. Kf1 Rxh3 46. Rd1 Ke6 47. Rd7 Na6 48. Ra7 Nc5 49. Nc3 1-0

[Event "Heraklio op"]
[Site "Heraklion"]
[Date "1995.??.??"]
[Round "5"]
[White "Beshukov, Sergei"]
[Black "Ujma, Jerzy"]
[Result "0-1"]
[WhiteElo "2500"]
[BlackElo "2245"]
[PlyCount "92"]
[EventDate "1995.??.??"]
[EventType "swiss"]
[EventRounds "9"]
[EventCountry "GRE"]
[SourceTitle "EXT 2000"]
[Source "ChessBase"]
[SourceDate "1999.11.16"]
[SourceVersion "1"]
[SourceVersionDate "1999.11.16"]
[SourceQuality "1"]

1. e4 c5 2. Nf3 Nc6 3. d4 cxd4 4. Nxd4 Nf6 5. Nc3 e5 6. Ndb5 d6 7. Bg5 a6 8. Na3 b5 9. Nd5 Be7 10. Bxf6 Bxf6 11. c3 Bb7 12. Nc2 Nb8 13. a4 bxa4 14. Rxa4 Nd7 15. Rb4 Rb8 16. Nce3 0-0 17. Bc4 Nc5 18. Qg4 Bg5 19. 0-0 a5 20. Rb5 Bxe3 21. Nxe3 a4 22. Rb4 Bxe4 23. Rd1 Kh8 24. Nf5 Bxf5 25. Qxf5 Qe7 26. Qf3 e4 27. Qg3 Rbd8 28. h4 f5 29. Qf4 d5 30. Bb5 h6 31. g3 Qf6 32. Qe3 Ne6 33. Rxa4 f4 34. Qe2 fxg3 35. fxg3 Qe5 36. Kh2 Rf3 37. Rg1 Nf4 38. Qxf3 exf3 39. Rxf4 Rb8 40. c4 dxc4 41. Bxc4 Qxb2+ 42. Kh3 g5 43. hxg5 hxg5 44. Re4 Qb7 45. Rd4 Rf8 46. Rh1 Qh7+ 0-1

[Event "POL-chT reg"]
[Site "Poland"]
[Date "1995.??.??"]
[Round "?"]
[White "Ujma, Jerzy"]
[Black "Hnydiuk, Aleksander"]
[Result "1-0"]
[WhiteElo "2245"]
[BlackElo "2275"]
[PlyCount "113"]
[EventDate "1995.??.??"]
[EventType "team"]
[EventRounds "11"]
[EventCountry "POL"]
[SourceTitle "EXT 2001"]
[Source "ChessBase"]
[SourceDate "2000.11.22"]
[SourceVersion "1"]
[SourceVersionDate "2000.11.22"]
[SourceQuality "1"]

1. e4 c5 2. c3 d5 3. exd5 Qxd5 4. d4 Nc6 5. Nf3 Bg4 6. Be2 cxd4 7. cxd4 e6 8. a3 Nf6 9. Nc3 Qd6 10. 0-0 Be7 11. Be3 0-0 12. Qb3 Rfd8 13. Rfd1 Rac8 14. h3 Bh5 15. Rac1 Qb8 16. d5 exd5 17. Nxd5 Nxd5 18. Rxd5 Rxd5 19. Qxd5 Bg6 20. Bb5 Bf6 21. Qb3 Ne5 22. Rxc8+ Qxc8 23. Nxe5 Bxe5 24. Bc4 b6 25. Qb5 Bxb2 26. Bxf7+ Bxf7 27. Qxb2 Qc7 28. Qd4 h6 29. Qe4 Qd7 30. Qe5 Kh7 31. Bd4 Bd5 32. f3 Bc6 33. Kf2 Qf7 34. h4 Qd7 35. g4 Qf7 36. f4 Qd7 37. f5 Qf7 38. g5 hxg5 39. hxg5 Qd7 40. g6+ Kg8 41. Qb8+ Qe8 42. Qxa7 Bd7 43. Qc7 Qe7 44. Qh2 Qe4 45. Qh7+ Kf8 46. Qxg7+ Ke8 47. Qg8+ Ke7 48. f6+ Kd6 49. Qb8+ Ke6 50. Qe5+ Qxe5 51. Bxe5 Be8 52. f7 Bxf7 53. gxf7 Kxf7 54. Ke3 Ke7 55. Ke4 Kd7 56. Kd5 b5 57. Kc5 1-0

[Event "POL-chT reg"]
[Site "Poland"]
[Date "1995.??.??"]
[Round "?"]
[White "Ujma, Jerzy"]
[Black "Lubosik, Zbigniew"]
[Result "1-0"]
[WhiteElo "2245"]
[BlackElo "2165"]
[PlyCount "129"]
[EventDate "1995.??.??"]
[EventType "team"]
[EventRounds "11"]
[EventCountry "POL"]
[SourceTitle "EXT 2001"]
[Source "ChessBase"]
[SourceDate "2000.11.22"]
[SourceVersion "1"]
[SourceVersionDate "2000.11.22"]
[SourceQuality "1"]

1. e4 c5 2. c3 d5 3. exd5 Qxd5 4. d4 e5 5. Be3 cxd4 6. cxd4 exd4 7. Nc3 Bb4 8. Bxd4 Qe6+ 9. Be2 Nf6 10. Nf3 0-0 11. 0-0 Nc6 12. a3 Be7 13. Be3 Rd8 14. Qa4 Ng4 15. Bg5 Bxg5 16. Nxg5 Qf5 17. Nf3 Nf6 18. Rad1 Be6 19. Nb5 Nd5 20. Nbd4 Nxd4 21. Nxd4 Nb6 22. Qb4 Qe5 23. Nxe6 Rxd1 24. Bxd1 Qxe6 25. Bf3 Re8 26. Bxb7 Qe7 27. Qxe7 Rxe7 28. Ba6 Rd7 29. Re1 g6 30. g3 Rd2 31. Re2 Rd6 32. b3 Na4 33. Bc4 Nb6 34. Rc2 Nxc4 35. Rxc4 Rd3 36. Rb4 a5 37. Rb8+ Kg7 38. a4 Kf6 39. Rb5 Ke6 40. Kf1 h6 41. h4 Rc3 42. Ke2 Kf6 43. g4 Ke6 44. h5 gxh5 45. gxh5 Kf6 46. f4 Kg7 47. Kd2 Rf3 48. Kc2 Rxf4 49. Rxa5 f5 50. Rb5 Kf6 51. a5 Rf1 52. Rb4 f4 53. Ra4 f3 54. Kd2 f2 55. Ke2 Rb1 56. Kxf2 Rxb3 57. a6 Rb8 58. a7 Ra8 59. Ra5 Ke6 60. Kf3 Kd6 61. Ke4 Re8+ 62. Kf5 Ra8 63. Kg6 Ke6 64. Ra6+ Ke5 65. Kxh6 1-0

[Event "POL-chT reg"]
[Site "Poland"]
[Date "1995.??.??"]
[Round "?"]
[White "Ujma, Jerzy"]
[Black "Michalczyk, Stanislaw"]
[Result "1/2-1/2"]
[WhiteElo "2245"]
[BlackElo "2140"]
[PlyCount "68"]
[EventDate "1995.??.??"]
[EventType "team"]
[EventRounds "11"]
[EventCountry "POL"]
[SourceTitle "EXT 2001"]
[Source "ChessBase"]
[SourceDate "2000.11.22"]
[SourceVersion "1"]
[SourceVersionDate "2000.11.22"]
[SourceQuality "1"]

1. e4 e5 2. Nf3 Nc6 3. d4 exd4 4. Bc4 Nf6 5. Nxd4 Nxe4 6. Bxf7+ Kxf7 7. Qh5+ g6 8. Qd5+ Kg7 9. Nxc6 bxc6 10. Qxe4 Qf6 11. Bd2 d5 12. Qf4 Qxf4 13. Bxf4 Bb4+ 14. c3 Re8+ 15. Kd2 Bc5 16. Be3 Bxe3+ 17. fxe3 Rf8 18. c4 Rf2+ 19. Kc3 Rxg2 20. Nd2 Bf5 21. Rag1 Rxg1 22. Rxg1 Re8 23. Rg3 h5 24. h4 Kf6 25. Kd4 dxc4 26. e4 Rd8+ 27. Kc3 Bg4 28. Nxc4 g5 29. e5+ Kf5 30. hxg5 Kxg5 31. Rg2 Kh4 32. Ne3 Rf8 33. Kd3 Kh3 34. Rg1 Kh2 1/2-1/2

[Event "POL-chT reg"]
[Site "Poland"]
[Date "1995.??.??"]
[Round "?"]
[White "Zowada, Kazimierz"]
[Black "Ujma, Jerzy"]
[Result "1-0"]
[WhiteElo "2255"]
[BlackElo "2245"]
[PlyCount "63"]
[EventDate "1995.??.??"]
[EventType "team"]
[EventRounds "11"]
[EventCountry "POL"]
[SourceTitle "EXT 2001"]
[Source "ChessBase"]
[SourceDate "2000.11.22"]
[SourceVersion "1"]
[SourceVersionDate "2000.11.22"]
[SourceQuality "1"]

1. d4 d5 2. c4 e6 3. Nc3 Nf6 4. Bg5 c6 5. Qc2 Nbd7 6. Nf3 Qa5 7. cxd5 exd5 8. Nd2 Be7 9. e3 Nf8 10. Bd3 h6 11. Bh4 Ne6 12. 0-0 Qd8 13. a3 Ng4 14. Bxe7 Qxe7 15. h3 h5 16. hxg4 hxg4 17. g3 Ng5 18. Kg2 Qf6 19. Rh1 Rh3 20. Ne2 Nf3 21. Nf4 g5 22. Nxh3 gxh3+ 23. Kf1 g4 24. Nxf3 Qxf3 25. Rh2 Bd7 26. Qe2 Qf6 27. Kg1 0-0-0 28. Rh1 Rh8 29. Kh2 Rh5 30. Rhf1 Bf5 31. Bxf5+ Qxf5 32. f3 1-0

[Event "Wisla BES op"]
[Site "Wisla"]
[Date "1992.??.??"]
[Round "6"]
[White "Masternak, Grzegorz"]
[Black "Ujma, Jerzy"]
[Result "1-0"]
[WhiteElo "2355"]
[BlackElo "2290"]
[PlyCount "119"]
[EventDate "1992.??.??"]
[EventType "swiss"]
[EventRounds "9"]
[EventCountry "POL"]
[SourceTitle "TD"]
[Source "ChessBase"]
[SourceDate "1994.03.01"]
[SourceVersion "1"]
[SourceVersionDate "1994.03.01"]
[SourceQuality "1"]

1. e4 c6 2. d4 d5 3. e5 Bf5 4. Nc3 Qb6 5. h4 h5 6. Nge2 Bg4 7. Qd3 Na6 8. a3 g6 9. Ng3 Nh6 10. Be2 Be6 11. b4 Nf5 12. Be3 Nxg3 13. fxg3 Nb8 14. 0-0 Nd7 15. Qd2 Bf5 16. Bd3 e6 17. Ne2 Qc7 18. Bg5 Nb6 19. Nf4 Be7 20. Bxe7 Qxe7 21. Bxf5 gxf5 22. Qe2 0-0-0 23. Nxh5 Rdg8 24. Kh2 Rg4 25. Nf4 Nc4 26. Rf3 Qd8 27. Qf2 Qb6 28. c3 a5 29. Nd3 a4 30. Rxf5 Ne3 31. Rf4 Rhxh4+ 32. gxh4 Rxg2+ 33. Qxg2 Nxg2 34. Kxg2 Qb5 35. Nf2 Qe2 36. Rh1 Qh5 37. Rg4 Kc7 38. Rg5 Qh6 39. Kg3 Kb6 40. Ng4 Qh7 41. Rf1 Qd3+ 42. Rf3 Qd2 43. Rg7 Qe1+ 44. Kh3 Kb5 45. h5 Qh1+ 46. Nh2 Qc1 47. Rgg3 Kc4 48. Rf6 Qd1 49. Rgf3 Kb3 50. h6 Qc2 51. R6f5 Kxa3 52. h7 exf5 53. h8Q Kb2 54. Qh4 a3 55. Rf2 a2 56. Rxc2+ Kxc2 57. Qe1 Kb2 58. Nf3 a1Q 59. Qxa1+ Kxa1 60. Ng5 1-0